Statistics for Geography Test

Click here to take the quiz!

General Stats

  • This quiz has been taken 52 times
  • The average score is 12 of 21

Answer Stats

HintAnswer% Correct
Capital City Of IndiaDelhi
98%
Which Continent is 3:rd by population?Europe
94%
How many countries are there in South America?13
92%
Which is the biggest Island?Australia
92%
The 5:th biggest country in the worldBrazil
90%
Capital City of the state MassachusettsBoston
84%
The Third largest city in the USChicago
82%
Capital City of CroatiaZagreb
82%
Which US state has the second largest population?Texas
78%
How many countires are there in Africa?54
76%
Capital City of the state OhioColumbus
73%
Capital City of the state TennesseeNashville
71%
Which US state has the least population?Wyoming
65%
The Largest City by populationShanghai
39%
Which country is the 2:nd richest?Singapore
29%
5:th biggest country by area in EuropeSweden
8%
Poorest Country in the worldCentral African Republic
2%
3:rd Biggest country by area in AfricaSudan
2%
5:th Most spoken language around the worldArabic
0%
Smallest Continent by areaOceania
0%
Biggest Ocean in the worldPacific Ocean
0%

Score Distribution

Percentile by Number Answered

Percent of People with Each Score

Your Score History

You have not taken this quiz